书目信息 |
| 题名: |
无公害蔬菜科学使用农药问答
|
|
| 作者: | 王迪轩 , 罗伟玲 , 何永梅 编 | |
| 分册: | ||
| 出版信息: | 北京 化学工业出版社 2010 |
|
| 页数: | 339页 | |
| 开本: | 21cm | |
| 丛书名: | 无公害蔬菜栽培技术丛书 | |
| 单 册: | ||
| 中图分类: | S436.3 | |
| 科图分类: | ||
| 主题词: | 蔬菜--农药施用--无污染技术 , 蔬菜 | |
| 电子资源: | ||
| ISBN: | 978-7-122-06690-9 | |
| 000 | 01036oam2 2200289 45 | |
| 001 | 1132077812 | |
| 005 | 20110314092041.17 | |
| 010 | @a978-7-122-06690-9@dCNY26.00 | |
| 100 | @a20110121d2010 em y0chiy0120 ea | |
| 101 | 0 | @achi |
| 102 | @aCN@b110000 | |
| 105 | @aa z 000yy | |
| 106 | @ar | |
| 200 | 1 | @a无公害蔬菜科学使用农药问答@AWu Gong Hai Shu Cai Ke Xue Shi Yong Nong Yao Wen Da@f王迪轩, 罗伟玲, 何永梅编@FWang Di Xuan , Luo Wei Ling , He Yong Mei Bian |
| 210 | @a北京@c化学工业出版社@d2010 | |
| 215 | @a339页@d21cm | |
| 225 | 2 | @a无公害蔬菜栽培技术丛书 |
| 330 | @a本书以问答的形式, 主要介绍了无公害蔬菜栽培中的科学使用农药知识, 系统介绍了目前蔬菜常用农药品种的产品特点、使用技术及注意事项等。 | |
| 461 | 0 | @12001 @a无公害蔬菜栽培技术丛书 |
| 606 | 0 | @a蔬菜@x农药施用@x无污染技术 |
| 606 | 0 | @a蔬菜 |
| 690 | @aS436.3@v4 | |
| 701 | 0 | @a王迪轩@AWang Di Xuan@4编 |
| 701 | 0 | @a罗伟玲@ALuo Wei Ling@4编 |
| 701 | 0 | @a何永梅@AHe Yong Mei@4编 |
| 801 | 0 | @aCN@bTANGWEI@c20110314 |
| 905 | @b0532360-63@dS436.3@e78@f4 | |
| 无公害蔬菜科学使用农药问答/王迪轩, 罗伟玲, 何永梅编.-北京:化学工业出版社,2010 |
| 339页;21cm.-(无公害蔬菜栽培技术丛书) |
| ISBN 978-7-122-06690-9:CNY26.00 |
| 本书以问答的形式, 主要介绍了无公害蔬菜栽培中的科学使用农药知识, 系统介绍了目前蔬菜常用农药品种的产品特点、使用技术及注意事项等。 |
| ● |
| 相关链接 |
|
|
|
|
正题名:无公害蔬菜科学使用农药问答
索取号:S436.3/78
 
预约/预借
| 序号 | 登录号 | 条形码 | 馆藏地/架位号 | 状态 | 备注 |
| 1 | 0532360 | 205323602 | 第二样本阅览室/ [索取号:S436.3/78] | 在馆 | |
| 2 | 0532361 | 205323611 | 第三借阅区/ [索取号:S436.3/78] | 在馆 | |
| 3 | 0532362 | 205323620 | 第三借阅区/ [索取号:S436.3/78] | 在馆 | |
| 4 | 0532363 | 205323639 | 密集书库-生命科学系/ [索取号:S436.3/78] | 在馆 |